LEADER 03200nam 2200649 a 450 001 9910456550003321 005 20200520144314.0 010 $a1-283-25016-0 010 $a9786613250162 010 $a0-87421-783-0 035 $a(CKB)2550000000043030 035 $a(EBL)735570 035 $a(OCoLC)742355149 035 $a(SSID)ssj0000533549 035 $a(PQKBManifestationID)11348474 035 $a(PQKBTitleCode)TC0000533549 035 $a(PQKBWorkID)10491682 035 $a(PQKB)11186956 035 $a(MiAaPQ)EBC3442843 035 $a(MdBmJHUP)muse13493 035 $a(MiAaPQ)EBC735570 035 $a(Au-PeEL)EBL3442843 035 $a(CaPaEBR)ebr10488659 035 $a(CaONFJC)MIL325016 035 $a(Au-PeEL)EBL735570 035 $a(EXLCZ)992550000000043030 100 $a20101223d2011 ub 0 101 0 $aeng 135 $aur|n|---||||| 181 $ctxt 182 $cc 183 $acr 200 10$aPansy's history$b[electronic resource] $ethe autobiography of Margaret E.P. Gordon, 1866-1966 /$ftranscribed and edited by Claudia L. Bushman 210 $aLogan, Utah $cUtah State University Press$dc2011 215 $a1 online resource (345 p.) 225 1 $aLife writings of frontier women ;$vv. 12 300 $aDescription based upon print version of record. 311 $a0-87421-784-9 311 $a0-87421-839-X 320 $aIncludes bibliographical references and index. 327 $aPart I: The early years -- England, to 1876 -- American, the journey west, August 1876 -- British Columbia, 1876-1879 -- In school at Victoria, 1879-1881 -- Salt Lake City, 1882-1883 -- Henvey's Inlet, 1883-1885 -- My conversion, 1885 -- Part II: The middle years: pioneering in Utah and Canada -- Salt Lake City II, 1885-1889 -- Meadowville, 1889-1892 -- Marriage and motherhood, 1893-1899 -- Stirling, 1899-1906 -- Raymond, 1906-1917 -- Salt Lake City III, 1917-1923 -- Part III: The last years in California, the safe harbor -- California, 1923-1926 -- Genealogy, 1927 (or earlier) to 1937 -- Last words, 1934-1964. 330 $aMargaret ""Pansy"" Gordon's life covered a remarkable span of years and territory. She lived one century, and the years took her from England to residences in British Columbia, Salt Lake City, and an Ojibway village on Georgian Bay; back to Utah and then Canada to homes at the shore of Bear Lake, on an Alberta farm, and in a prairie town; and to Los Angeles for the last decades of her life. She had gone to British Columbia as the daughter of an Anglican missionary to the Tsimshian Indians. She lived in Los Angeles as a Mormon missionary assigned to work as a genealogist. Her personal j 410 0$aLife writings of frontier women ;$vv. 12. 606 $aMormon converts$zUnited States$vBiography 608 $aElectronic books. 615 0$aMormon converts 676 $a289.3092 676 $aB 700 $aGordon$b Margaret Elizabeth Schutt$f1866-1966.$01056316 701 $aBushman$b Claudia L$01056317 801 0$bMiAaPQ 801 1$bMiAaPQ 801 2$bMiAaPQ 906 $aBOOK 912 $a9910456550003321 996 $aPansy's history$92490606 997 $aUNINA LEADER 02206nam 2200481z- 450 001 9910557779803321 005 20211118 035 $a(CKB)5400000000045591 035 $a(oapen)https://directory.doabooks.org/handle/20.500.12854/73959 035 $a(oapen)doab73959 035 $a(EXLCZ)995400000000045591 100 $a20202111d2020 |y 0 101 0 $aeng 135 $aurmn|---annan 181 $ctxt$2rdacontent 182 $cc$2rdamedia 183 $acr$2rdacarrier 200 00$aThe Maintenance of Genome Integrity in Plants: Novel Challenges in Basic and Applied Research 210 $cFrontiers Media SA$d2020 215 $a1 online resource (129 p.) 311 08$a2-88963-819-7 330 $aThis eBook is a collection of articles from a Frontiers Research Topic. Frontiers Research Topics are very popular trademarks of the Frontiers Journals Series: they are collections of at least ten articles, all centered on a particular subject. With their unique mix of varied contributions from Original Research to Review Articles, Frontiers Research Topics unify the most influential researchers, the latest key findings and historical advances in a hot research area! Find out more on how to host your own Frontiers Research Topic or contribute to one as an author by contacting the Frontiers Editorial Office: frontiersin.org/about/contact 517 $aMaintenance of Genome Integrity in Plants 606 $aBotany & plant sciences$2bicssc 606 $aScience: general issues$2bicssc 610 $acell cycle 610 $aDNA damage 610 $aDNA repair 610 $adouble strand breaks 610 $agenome integrity 610 $aUV 615 7$aBotany & plant sciences 615 7$aScience: general issues 700 $aBalestrazzi$b Alma$4edt$01279057 702 $aSakamoto$b Ayako N$4edt 702 $aOkamoto Yoshiyama$b Kaoru$4edt 702 $aBalestrazzi$b Alma$4oth 702 $aSakamoto$b Ayako N$4oth 702 $aOkamoto Yoshiyama$b Kaoru$4oth 906 $aBOOK 912 $a9910557779803321 996 $aThe Maintenance of Genome Integrity in Plants: Novel Challenges in Basic and Applied Research$93014497 997 $aUNINA